[Event "Madrid-ch Seniors 50"]
[Site "Madrid"]
[Date "2022.03.29"]
[Round "2"]
[White "Sanchez Peral, Pedro"]
[Black "Caravantes Camacho, Fernando"]
[Result "1-0"]
[WhiteElo "1797"]
[BlackElo "1554"]
[PlyCount "29"]
[EventDate "2022.03.28"]
[EventType "swiss"]
[EventRounds "9"]
[EventCountry "ESP"]
[SourceTitle "EXT 2023"]
[Source "ChessBase"]
[SourceDate "2022.10.05"]
[SourceVersion "1"]
[SourceVersionDate "2022.10.05"]
[SourceQuality "1"]

1. e4 e6 2. d4 d5 3. Nc3 Bb4 4. Nge2 dxe4 5. a3 Bxc3+ 6. Nxc3 Nf6 7. Bg5 0-0 8. Nxe4 Nbd7 9. Qf3 c5 10. 0-0-0 cxd4 11. Rxd4 Qa5 12. Nxf6+ gxf6 13. Bh6 Ne5 14. Qxf6 Qe1+ 15. Rd1 1-0

[Event "Collado Villalba op-B 35th"]
[Site "Collado Villalba"]
[Date "2018.08.30"]
[Round "7"]
[White "Caravantes Camacho, Fernando"]
[Black "Lizon Martinez, Santiago"]
[Result "0-1"]
[WhiteElo "1561"]
[BlackElo "1715"]
[PlyCount "74"]
[EventDate "2018.08.24"]
[EventType "swiss"]
[EventRounds "9"]
[EventCountry "ESP"]
[SourceTitle "CBM 186 Extra"]
[Source "ChessBase"]
[SourceDate "2018.08.24"]
[SourceVersion "1"]
[SourceVersionDate "2018.08.24"]
[SourceQuality "1"]

1. d4 Nf6 2. Nc3 d5 3. Bg5 Nbd7 4. e4 Nxe4 5. Nxe4 dxe4 6. Bc4 Nf6 7. c3 Bg4 8. f3 exf3 9. Nxf3 h6 10. Bxf6 exf6 11. Qb3 Qe7+ 12. Kf2 0-0-0 13. Rhe1 Qd6 14. h3 Bxf3 15. Kxf3 g5 16. Re4 Qh2 17. Bd5 c6 18. Bxc6 bxc6 19. Qc4 Qc7 20. Rae1 Bd6 21. Qa6+ Qb7 22. Qa4 f5 23. R4e3 g4+ 24. hxg4 fxg4+ 25. Kf2 Qd7 26. Qa6+ Qb7 27. Qa4 Qc7 28. Qa6+ Kd7 29. Qd3 Kc8 30. Qa6+ Kb8 31. c4 Bg3+ 32. Kg1 Bxe1 33. Rb3+ Ka8 34. c5 Rb8 35. Re3 Rhe8 36. Rxe8 Rxe8 37. a3 Bg3 0-1

[Event "Madrid San Viator op-B 30th"]
[Site "Madrid"]
[Date "2018.06.03"]
[Round "8"]
[White "Jimenez Alvaro, Angel"]
[Black "Caravantes Camacho, Fernando"]
[Result "1/2-1/2"]
[WhiteElo "1649"]
[BlackElo "1559"]
[PlyCount "86"]
[EventDate "2018.04.08"]
[EventType "swiss"]
[EventRounds "9"]
[EventCountry "ESP"]
[SourceTitle "EXT 2019"]
[Source "ChessBase"]
[SourceDate "2018.10.10"]
[SourceVersion "1"]
[SourceVersionDate "2018.10.10"]
[SourceQuality "1"]

1. d4 Nf6 2. Bf4 e6 3. e3 c5 4. Nd2 cxd4 5. exd4 d5 6. c3 Bd6 7. Bxd6 Qxd6 8. Ngf3 0-0 9. Bd3 Nc6 10. Qe2 Re8 11. Ne5 Qc7 12. f4 a6 13. 0-0 Qb6 14. Rab1 g6 15. Ndf3 Nd7 16. Qf2 Qd8 17. Rfe1 Ndxe5 18. fxe5 f5 19. exf6 Qxf6 20. Qg3 Bd7 21. Rf1 Qg7 22. Rbe1 Re7 23. Rf2 Rae8 24. Ne5 Nxe5 25. dxe5 Rf8 26. Rxf8+ Qxf8 27. h4 Rf7 28. h5 Qc5+ 29. Re3 Rg7 30. h6 d4 31. cxd4 Qc1+ 32. Kh2 Rf7 33. Qg5 Bc6 34. Bxg6 hxg6 35. Qxg6+ Kf8 36. h7 Rxh7+ 37. Qxh7 Qxe3 38. Qh8+ Ke7 39. Qg7+ Kd8 40. Qf8+ Kc7 41. Qd6+ Kc8 42. Qf8+ Kd7 43. Qd6+ Kc8 1/2-1/2

[Event "Madrid San Viator op-B 30th"]
[Site "Madrid"]
[Date "2018.04.22"]
[Round "3"]
[White "Caravantes Camacho, Fernando"]
[Black "Soria Martinez, Daniel"]
[Result "1-0"]
[WhiteElo "1559"]
[BlackElo "1347"]
[PlyCount "89"]
[EventDate "2018.04.08"]
[EventType "swiss"]
[EventRounds "9"]
[EventCountry "ESP"]
[SourceTitle "EXT 2019"]
[Source "ChessBase"]
[SourceDate "2018.10.10"]
[SourceVersion "1"]
[SourceVersionDate "2018.10.10"]
[SourceQuality "1"]

1. Nf3 d5 2. c4 c6 3. e3 Bg4 4. Nc3 Nf6 5. Be2 Nbd7 6. b3 e5 7. d3 Bb4 8. Bd2 0-0 9. 0-0 Qe7 10. Re1 Bf5 11. cxd5 Bxc3 12. Bxc3 cxd5 13. Qd2 Rac8 14. Bb4 Nc5 15. d4 Nfe4 16. Qd1 exd4 17. exd4 Nxf2 18. Qd2 Nfe4 19. Qf4 Ne6 20. Bxe7 Nxf4 21. Bxf8 Kxf8 22. Nh4 Rc2 23. Nxf5 Nxe2+ 24. Kf1 N2c3 25. Rxe4 Nxe4 26. Ne3 Rd2 27. Rc1 Rxd4 28. Nf5 Nd2+ 29. Ke2 Re4+ 30. Kxd2 g6 31. Rc8+ Re8 32. Rxe8+ Kxe8 33. Nd6+ Kd7 34. Nxf7 Ke6 35. Nd8+ Ke5 36. Nxb7 Ke4 37. Nc5+ Kd4 38. Ne6+ Ke5 39. Nf8 a5 40. Nxh7 Kd4 41. h4 Kc5 42. a3 Kb5 43. Nf8 a4 44. bxa4+ Kxa4 45. Nxg6 1-0

[Event "Madrid-ch Previa-A"]
[Site "Madrid"]
[Date "2018.02.07"]
[Round "3"]
[White "Caravantes Camacho, Fernando"]
[Black "Carrasco Coquillat, Alvaro"]
[Result "0-1"]
[WhiteElo "1551"]
[BlackElo "1801"]
[PlyCount "92"]
[EventDate "2018.02.05"]
[EventType "swiss"]
[EventRounds "9"]
[EventCountry "ESP"]
[SourceTitle "EXT 2020"]
[Source "ChessBase"]
[SourceDate "2019.10.17"]
[SourceVersion "1"]
[SourceVersionDate "2019.10.17"]
[SourceQuality "1"]

1. e4 d6 2. d4 g6 3. Nc3 Bg7 4. f4 Nf6 5. Nf3 0-0 6. Bd3 c5 7. dxc5 dxc5 8. 0-0 a6 9. a4 Nc6 10. Be3 Qb6 11. Rb1 Nb4 12. Bc4 Bg4 13. e5 Rad8 14. Qe2 Nfd5 15. Nxd5 Nxd5 16. Bxd5 Rxd5 17. b4 Qc7 18. c4 Rd7 19. bxc5 Rfd8 20. Rb6 Bf8 21. Rfb1 e6 22. h3 Bxf3 23. Qxf3 Bxc5 24. Bxc5 Qxc5+ 25. Kh2 Qxc4 26. R1b4 Qc2 27. Rxb7 Rd2 28. Rb8 Kg7 29. Rxd8 Rxd8 30. Qb7 a5 31. Rb6 Qxa4 32. Rd6 Qxf4+ 33. g3 Qf2+ 34. Kh1 Qe1+ 35. Kg2 Rxd6 36. exd6 Qd2+ 37. Kf3 Qxd6 38. Qb2+ e5 39. Qb5 Qd1+ 40. Kf2 Qd2+ 41. Kf3 Qc3+ 42. Kf2 Qd4+ 43. Kf1 a4 44. Qa6 Qa1+ 45. Ke2 a3 46. Kd3 Qf1+ 0-1

[Event "Madrid San Viator op-B 28th"]
[Site "Madrid"]
[Date "2017.05.21"]
[Round "7"]
[White "Caravantes Camacho, Fernando"]
[Black "Cortijo Manso, Luis"]
[Result "0-1"]
[WhiteElo "1626"]
[BlackElo "1534"]
[PlyCount "52"]
[EventDate "2017.03.26"]
[EventType "swiss"]
[EventRounds "9"]
[EventCountry "ESP"]
[SourceTitle "EXT 2019"]
[Source "ChessBase"]
[SourceDate "2018.10.10"]
[SourceVersion "1"]
[SourceVersionDate "2018.10.10"]
[SourceQuality "1"]

1. e4 e6 2. d4 d5 3. e5 c5 4. c3 Nc6 5. Nf3 Qb6 6. a3 Nge7 7. b4 cxd4 8. cxd4 Bd7 9. Bd3 Nxd4 10. 0-0 Nxf3+ 11. Qxf3 Ng6 12. Qe2 Be7 13. Bb2 Nf4 14. Qg4 Nxd3 15. Bd4 Qc7 16. Qxg7 Rf8 17. Nd2 b6 18. f4 Qb7 19. Qxh7 0-0-0 20. Qxd3 Kb8 21. b5 Rc8 22. a4 Rg8 23. a5 Bc5 24. Bxc5 Rxc5 25. Rfb1 d4 26. axb6 Qxg2# 0-1

[Event "Madrid San Viator op-B 28th"]
[Site "Madrid"]
[Date "2017.03.26"]
[Round "1"]
[White "Jimenez Sanchez, Juan Daniel"]
[Black "Caravantes Camacho, Fernando"]
[Result "0-1"]
[WhiteElo "1345"]
[BlackElo "1626"]
[PlyCount "84"]
[EventDate "2017.03.26"]
[EventType "swiss"]
[EventRounds "9"]
[EventCountry "ESP"]
[SourceTitle "EXT 2019"]
[Source "ChessBase"]
[SourceDate "2018.10.10"]
[SourceVersion "1"]
[SourceVersionDate "2018.10.10"]
[SourceQuality "1"]

1. d4 e6 2. Nf3 Nf6 3. c4 d5 4. Qc2 Be7 5. g3 0-0 6. Bg2 c5 7. cxd5 Nxd5 8. dxc5 Qa5+ 9. Bd2 Qxc5 10. Nc3 Bd7 11. 0-0 Na6 12. a3 Bf6 13. Rac1 Rac8 14. Rfe1 Nxc3 15. Bxc3 Rc7 16. Qb1 Rfc8 17. Bxf6 Qxc1 18. Bg5 Qxb1 19. Rxb1 f6 20. Be3 b6 21. Nd4 e5 22. Bd5+ Kf8 23. Nf3 Nc5 24. Bd2 Bh3 25. Bb4 a5 26. Bd2 Na4 27. Kh1 Rc2 28. Be4 Rxb2 29. Bxh7 Rxb1+ 30. Bxb1 Nc3 31. Bd3 e4 32. Ba6 Rc7 33. Ng1 Bf1 34. Bf4 Nd1 35. Be3 Nxe3 36. fxe3 Rc3 37. h4 Rxa3 38. h5 Rxe3 39. Kh2 a4 40. g4 a3 41. Bc4 b5 42. Ba2 Bxe2 0-1

[Event "Madrid San Viator op-B 26th"]
[Site "Madrid"]
[Date "2016.04.17"]
[Round "3"]
[White "Caravantes Camacho, Fernando"]
[Black "Bermejo Jimenez, Adolfo"]
[Result "1-0"]
[WhiteElo "1621"]
[BlackElo "1387"]
[PlyCount "69"]
[EventDate "2016.04.03"]
[EventType "swiss"]
[EventRounds "9"]
[EventCountry "ESP"]
[SourceTitle "EXT 2017"]
[Source "ChessBase"]
[SourceDate "2016.10.25"]
[SourceVersion "1"]
[SourceVersionDate "2016.10.25"]
[SourceQuality "1"]

1. e4 e5 2. Nf3 Nc6 3. Bc4 Be7 4. 0-0 Nf6 5. Nc3 0-0 6. d4 exd4 7. Nxd4 Ne5 8. Be2 d5 9. f4 Nc6 10. Nxc6 bxc6 11. e5 Ne4 12. Nxe4 dxe4 13. Be3 f5 14. Bc4+ Kh8 15. Qh5 Qe8 16. Qe2 Bb4 17. c3 Ba5 18. b4 Bb6 19. a4 Be6 20. Bxe6 Qxe6 21. a5 Bxe3+ 22. Qxe3 Qc4 23. Qd4 Qd5 24. Rfd1 Rfd8 25. Qxd5 cxd5 26. Kf2 a6 27. Rd2 c6 28. Rad1 Ra7 29. c4 Rb7 30. cxd5 Rxb4 31. dxc6 Rxd2+ 32. Rxd2 h6 33. c7 Rb3 34. Rc2 e3+ 35. Ke2 1-0

[Event "Madrid San Viator op 24th"]
[Site "Madrid"]
[Date "2015.04.12"]
[Round "3"]
[White "Caravantes Camacho, Fernando"]
[Black "Linares Leyva, David"]
[Result "0-1"]
[WhiteElo "1502"]
[BlackElo "1782"]
[PlyCount "80"]
[EventDate "2015.03.22"]
[EventType "swiss"]
[EventRounds "9"]
[EventCountry "ESP"]
[SourceTitle "EXT 2016"]
[Source "ChessBase"]
[SourceDate "2015.10.08"]
[SourceVersion "1"]
[SourceVersionDate "2015.10.08"]
[SourceQuality "1"]

1. e4 e6 2. d4 d5 3. e5 c5 4. c3 Qb6 5. Nf3 Nc6 6. a3 f6 7. b4 fxe5 8. b5 e4 9. bxc6 exf3 10. cxb7 Bxb7 11. Qxf3 cxd4 12. cxd4 Nf6 13. Nc3 a6 14. Rb1 Qc7 15. Bf4 Qd7 16. Bd3 Bxa3 17. 0-0 0-0 18. Be5 Bc6 19. Qh3 g6 20. Rb3 Be7 21. f3 a5 22. Ne2 Bb4 23. Nf4 Rae8 24. Rc1 Bd2 25. Rcb1 Bb4 26. R3b2 Bd6 27. Bb5 Bxe5 28. dxe5 Bxb5 29. Rxb5 Qa7+ 30. Rb6 Nd7 31. Nxe6 Nxb6 32. Nxf8 Nc4+ 33. Kh1 Kxf8 34. f4 Nd2 35. Rd1 Ne4 36. Qa3+ Kg7 37. Rb1 Nf2+ 38. Kg1 Nh3+ 39. Kh1 Qg1+ 40. Rxg1 Nf2# 0-1

[Event "Madrid San Viator op 22nd"]
[Site "Madrid"]
[Date "2014.05.18"]
[Round "7"]
[White "Barragan Panal, Juan Jose"]
[Black "Caravantes Camacho, Fernando"]
[Result "1-0"]
[WhiteElo "1630"]
[BlackElo "1466"]
[PlyCount "115"]
[EventDate "2014.03.23"]
[EventType "swiss"]
[EventRounds "9"]
[EventCountry "ESP"]
[SourceTitle "EXT 2015"]
[Source "ChessBase"]
[SourceDate "2014.11.20"]
[SourceVersion "1"]
[SourceVersionDate "2014.11.20"]
[SourceQuality "1"]

1. d4 Nf6 2. Nf3 d5 3. Bf4 e6 4. e3 c5 5. c4 Nc6 6. cxd5 Nxd5 7. Bg3 cxd4 8. Nxd4 Nxd4 9. Qxd4 Bd7 10. Bd3 Nf6 11. 0-0 Bc6 12. Qxd8+ Rxd8 13. Bc2 Be7 14. Rd1 0-0 15. Nc3 Rxd1+ 16. Rxd1 Rd8 17. Rxd8+ Bxd8 18. Ba4 Bxa4 19. Nxa4 b5 20. Nc5 Bb6 21. Nd3 Ne4 22. Be5 f6 23. Bd4 Bxd4 24. exd4 Kf7 25. Nb4 a5 26. Nc6 a4 27. f3 Nd6 28. b3 axb3 29. axb3 Ke8 30. Kf2 Kd7 31. Nb4 Nf5 32. Nc2 Kd6 33. g4 Ne7 34. Ke2 f5 35. Kd3 fxg4 36. fxg4 Ng6 37. Ke4 e5 38. dxe5+ Nxe5 39. h3 Nc6 40. Nd4 Nxd4 41. Kxd4 g6 42. b4 h6 43. h4 g5 44. h5 Kc6 45. Ke5 Kc7 46. Kd5 Kb6 47. Kd6 Kb7 48. Kc5 Kc7 49. Kxb5 Kb7 50. Kc5 Kc7 51. Kd5 Kb6 52. Ke6 Kb5 53. Kf6 Kxb4 54. Kg6 Kc5 55. Kxh6 Kd6 56. Kxg5 Ke6 57. Kg6 Ke7 58. Kg7 1-0

[Event "Madrid-ch Previa-B"]
[Site "Madrid"]
[Date "2013.02.15"]
[Round "6"]
[White "Escanciano Reyero, Daniel"]
[Black "Caravantes Camacho, Fernando"]
[Result "1-0"]
[WhiteElo "1498"]
[BlackElo "1817"]
[PlyCount "63"]
[EventDate "2013.02.01"]
[EventType "swiss"]
[EventRounds "9"]
[EventCountry "ESP"]
[SourceTitle "CBM 152 Extra"]
[Source "ChessBase"]
[SourceDate "2013.02.25"]
[SourceVersion "1"]
[SourceVersionDate "2013.02.25"]
[SourceQuality "1"]

1. e4 e6 2. Nf3 c5 3. Nc3 Nc6 4. Bc4 Nf6 5. d3 Be7 6. a3 a5 7. Bf4 d5 8. Ba2 d4 9. Nb5 0-0 10. Bc4 Nd7 11. Nc7 e5 12. Nxa8 exf4 13. Qd2 Bd6 14. g3 fxg3 15. hxg3 Nce5 16. Qe2 Nf6 17. Nxe5 Bxe5 18. f4 Bg4 19. Qh2 Bd6 20. Kd2 Re8 21. Rae1 Bf3 22. e5 Bxe5 23. fxe5 Nh5 24. Qh4 g5 25. Qh3 Qxa8 26. Bxf7+ Kxf7 27. Qf5+ Kg7 28. Qxf3 Nxg3 29. Qf6+ Kg8 30. Qxg5+ Kf7 31. Rxh7+ Kf8 32. Qf6+ 1-0

[Event "Madrid-ch Previa-B"]
[Site "Madrid"]
[Date "2013.02.08"]
[Round "4"]
[White "Mosteiro Montoro, Alvaro"]
[Black "Caravantes Camacho, Fernando"]
[Result "1-0"]
[WhiteElo "1674"]
[BlackElo "1817"]
[PlyCount "81"]
[EventDate "2013.02.01"]
[EventType "swiss"]
[EventRounds "9"]
[EventCountry "ESP"]
[SourceTitle "CBM 152 Extra"]
[Source "ChessBase"]
[SourceDate "2013.02.25"]
[SourceVersion "1"]
[SourceVersionDate "2013.02.25"]
[SourceQuality "1"]

1. d4 Nf6 2. c4 g6 3. Nf3 Bg7 4. Nc3 d6 5. e4 Nbd7 6. Be2 0-0 7. 0-0 e5 8. d5 Nc5 9. Bg5 h6 10. Bxf6 Qxf6 11. b4 Nxe4 12. Nxe4 Qf4 13. Nfd2 f5 14. g3 fxe4 15. gxf4 Bh3 16. Re1 exf4 17. Nxe4 Rf5 18. Rb1 Re8 19. Bf3 Ref8 20. Rb3 g5 21. Bh1 g4 22. Rxh3 gxh3 23. Qf3 R8f7 24. Qxh3 Be5 25. Qxh6 Rh7 26. Qe6+ Rff7 27. Bf3 Rhg7+ 28. Kf1 Kh8 29. Ke2 Re7 30. Qh3+ Rh7 31. Qg2 c6 32. Rg1 Reg7 33. Qh1 Re7 34. Kd3 cxd5 35. cxd5 b5 36. Rc1 Rc7 37. Rc6 Rcg7 38. Nxd6 Rh3 39. Rc8+ Rg8 40. Rxg8+ Kxg8 41. Qg2+ 1-0

[Event "Madrid-ch Previa-B"]
[Site "Madrid"]
[Date "2013.02.07"]
[Round "3"]
[White "Caravantes Camacho, Fernando"]
[Black "Canseco Arenas, Alfonso"]
[Result "0-1"]
[WhiteElo "1817"]
[BlackElo "1706"]
[PlyCount "54"]
[EventDate "2013.02.01"]
[EventType "swiss"]
[EventRounds "9"]
[EventCountry "ESP"]
[SourceTitle "CBM 152 Extra"]
[Source "ChessBase"]
[SourceDate "2013.02.25"]
[SourceVersion "1"]
[SourceVersionDate "2013.02.25"]
[SourceQuality "1"]

1. e4 d6 2. d4 Nf6 3. Nc3 c6 4. f4 g6 5. h3 b5 6. a3 e6 7. Nf3 Nh5 8. g4 Ng3 9. Rg1 Nxf1 10. Rxf1 Nd7 11. Be3 a5 12. Qe2 Ba6 13. b4 axb4 14. axb4 Bb7 15. Kf2 Be7 16. d5 exd5 17. exd5 0-0 18. dxc6 Bxc6 19. f5 Rxa1 20. Rxa1 Bf6 21. Nd4 Bxd4 22. Bxd4 Qh4+ 23. Kg1 Qxh3 24. Ne4 Re8 25. Qh2 Qxg4+ 26. Ng3 Qxd4+ 27. Qf2 Qxa1+ 0-1